[Event "CZE-chT U18 Extraliga final-A 1819"]
[Site "Czech Republic"]
[Date "2019.04.12"]
[Round "8.6"]
[White "Laurincova, Kristyna"]
[Black "Skrabanek, Matej"]
[Result "1-0"]
[WhiteElo "1936"]
[BlackElo "1654"]
[PlyCount "49"]
[EventDate "2018.10.05"]
[EventType "team-tourn"]
[EventRounds "11"]
[EventCountry "CZE"]
[SourceTitle "EXT 2023"]
[Source "ChessBase"]
[SourceDate "2022.10.05"]
[SourceVersion "1"]
[SourceVersionDate "2022.10.05"]
[SourceQuality "1"]
[WhiteTeam "Frydek Mistek BSS (U18)"]
[BlackTeam "Praha Porg (U18)"]
[WhiteTeamCountry "CZE"]
[BlackTeamCountry "CZE"]

1. e4 c5 2. Nf3 d6 3. d4 cxd4 4. Nxd4 Nf6 5. Nc3 g6 6. Bc4 Bg7 7. h3 Nc6 8. Be3 Bd7 9. 0-0 0-0 10. Bb3 a6 11. Qd3 b5 12. f4 Na5 13. e5 dxe5 14. fxe5 Nh5 15. Bd5 Rc8 16. e6 Bxd4 17. exf7+ Kg7 18. Bxd4+ Nf6 19. g4 h6 20. Ne4 b4 21. Rxf6 exf6 22. Bxf6+ Qxf6 23. Nxf6 Kxf6 24. Qd4+ Kg5 25. Rf1 1-0

[Event "CZE-chT U18 Extraliga West 1819"]
[Site "Czech Republic"]
[Date "2018.10.06"]
[Round "2.6"]
[White "Skrabanek, Matej"]
[Black "Papousek, Michal"]
[Result "1-0"]
[WhiteElo "1654"]
[BlackElo "1587"]
[PlyCount "45"]
[EventDate "2018.10.05"]
[EventType "team-tourn"]
[EventRounds "11"]
[EventCountry "CZE"]
[SourceTitle "EXT 2023"]
[Source "ChessBase"]
[SourceDate "2022.10.05"]
[SourceVersion "1"]
[SourceVersionDate "2022.10.05"]
[SourceQuality "1"]
[WhiteTeam "Praha Porg (U18)"]
[BlackTeam "Novoborsky U18"]
[WhiteTeamCountry "CZE"]
[BlackTeamCountry "CZE"]

1. e4 e5 2. Nf3 Nc6 3. d4 exd4 4. Nxd4 Qh4 5. Nb5 Qxe4+ 6. Be2 Nb4 7. 0-0 Qc6 8. N1c3 a6 9. Bf3 Qb6 10. Re1+ Be7 11. Nd4 Nc6 12. Nf5 Kd8 13. Nxg7 d6 14. Nd5 Qc5 15. Bg5 Bd7 16. Bxe7+ Ncxe7 17. b3 Bc6 18. c4 Nxd5 19. Bxd5 Nh6 20. Qh5 Ng8 21. Bxc6 Qxc6 22. Qxf7 Nh6 23. Qf6+ 1-0

[Event "Ricany op-A"]
[Site "Ricany"]
[Date "2018.08.28"]
[Round "5"]
[White "Skrabanek, Matej"]
[Black "Vit, Zdenek"]
[Result "0-1"]
[WhiteElo "1711"]
[BlackElo "1717"]
[PlyCount "58"]
[EventDate "2018.08.25"]
[EventType "swiss"]
[EventRounds "9"]
[EventCountry "CZE"]
[SourceTitle "EXT 2019"]
[Source "ChessBase"]
[SourceDate "2018.10.10"]
[SourceVersion "1"]
[SourceVersionDate "2018.10.10"]
[SourceQuality "1"]

1. e4 e5 2. f4 Bc5 3. Nf3 d6 4. Nc3 Nf6 5. d3 a5 6. Qe2 Nc6 7. h3 Nh5 8. Qd1 Ng3 9. Rh2 0-0 10. Be2 Nd4 11. f5 b5 12. h4 Bb4 13. Nxd4 exd4 14. a3 Bxc3+ 15. bxc3 Nxe2 16. Qxe2 dxc3 17. d4 Bxf5 18. exf5 Re8 19. Be3 Qd7 20. Qf3 Rxe3+ 21. Qxe3 Re8 22. Qxe8+ Qxe8+ 23. Kf2 Qe4 24. Re1 Qxd4+ 25. Kf3 Qd5+ 26. Kf4 Qd2+ 27. Re3 Kf8 28. Rh1 Qd4+ 29. Re4 Qd2+ 0-1

[Event "Ricany op-A"]
[Site "Ricany"]
[Date "2017.08.27"]
[Round "2"]
[White "Skrabanek, Matej"]
[Black "Zvolensky, David"]
[Result "0-1"]
[WhiteElo "1600"]
[BlackElo "1894"]
[PlyCount "66"]
[EventDate "2017.08.26"]
[EventType "swiss"]
[EventRounds "9"]
[EventCountry "CZE"]
[SourceTitle "CBM 180 Extra"]
[Source "ChessBase"]
[SourceDate "2017.10.06"]
[SourceVersion "1"]
[SourceVersionDate "2017.10.06"]
[SourceQuality "1"]

1. e4 e5 2. f4 exf4 3. Nf3 Ne7 4. Nc3 d5 5. d4 dxe4 6. Nxe4 Nd5 7. Bc4 Be7 8. 0-0 0-0 9. Bxd5 Qxd5 10. Nc3 Qd6 11. Ne2 g5 12. Qd3 Qg6 13. Qc3 c6 14. Ne5 Qh5 15. Rf2 f6 16. Qb3+ Kh8 17. Nf3 Bd6 18. Bd2 Qf7 19. c4 Be6 20. Rc1 b5 21. d5 cxd5 22. cxb5 Nd7 23. Ned4 Nc5 24. Qd1 Ne4 25. Re2 Bd7 26. Ba5 Rac8 27. Nc6 Bc5+ 28. Rxc5 Nxc5 29. Re7 Qg6 30. Nxa7 Rce8 31. Rxe8 Rxe8 32. Qxd5 Qb1+ 33. Kf2 Ne4+ 0-1

[Event "Mlada Boleslav Region-ch U16"]
[Site "Mlada Boleslav"]
[Date "2017.06.25"]
[Round "6"]
[White "Jezek, Stanislav1111"]
[Black "Skrabanek, Matej"]
[Result "0-1"]
[WhiteElo "1261"]
[BlackElo "1600"]
[PlyCount "36"]
[EventDate "2017.06.24"]
[EventType "swiss"]
[EventRounds "7"]
[EventCountry "CZE"]
[SourceTitle "CBM 179 Extra"]
[Source "ChessBase"]
[SourceDate "2017.08.23"]
[SourceVersion "1"]
[SourceVersionDate "2017.08.23"]
[SourceQuality "1"]

1. e4 c5 2. Bc4 d6 3. Nf3 Nc6 4. d4 cxd4 5. Nxd4 Nf6 6. Nc3 g6 7. Bb5 Bd7 8. Bg5 Bg7 9. Qd2 0-0 10. h4 a6 11. Bxc6 bxc6 12. Bh6 Qa5 13. Bxg7 Kxg7 14. f4 Qb4 15. 0-0-0 Rab8 16. Qf2 Qxb2+ 17. Kd2 Qb4 18. f5 Nxe4+ 0-1

[Event "Kouty nad Desnou op-A"]
[Site "Kouty nad Desnou"]
[Date "2017.03.13"]
[Round "3"]
[White "Turicky, David"]
[Black "Skrabanek, Matej"]
[Result "1/2-1/2"]
[WhiteElo "1856"]
[BlackElo "1636"]
[PlyCount "74"]
[EventDate "2017.03.11"]
[EventType "swiss"]
[EventRounds "9"]
[EventCountry "CZE"]
[SourceTitle "CBM 177 Extra"]
[Source "ChessBase"]
[SourceDate "2017.04.27"]
[SourceVersion "1"]
[SourceVersionDate "2017.04.27"]
[SourceQuality "1"]

1. d4 Nf6 2. c4 e5 3. dxe5 Ng4 4. Nf3 Nc6 5. Bf4 Bb4+ 6. Nbd2 Qe7 7. a3 Ncxe5 8. Bxe5 Nxe5 9. Nxe5 Bxd2+ 10. Qxd2 Qxe5 11. e3 0-0 12. Be2 d6 13. 0-0 Be6 14. Rac1 f5 15. Bf3 c6 16. Rfe1 Rad8 17. Qd4 g5 18. Qxa7 g4 19. Be2 h5 20. Qd4 f4 21. Qxe5 dxe5 22. Red1 Rxd1+ 23. Rxd1 f3 24. Bd3 Kg7 25. b3 Rd8 26. Bc2 Rxd1+ 27. Bxd1 e4 28. g3 Kf6 29. Kf1 Kg5 30. Ke1 h4 31. Kd2 hxg3 32. hxg3 Kf5 33. Kc3 Ke5 34. b4 b6 35. Bb3 c5 36. Ba4 Kd6 37. Bc2 Bf5 1/2-1/2

[Event "Ricany op"]
[Site "Ricany"]
[Date "2016.09.01"]
[Round "7"]
[White "Paulovic, Milan"]
[Black "Skrabanek, Matej"]
[Result "1-0"]
[WhiteElo "1821"]
[BlackElo "1680"]
[PlyCount "33"]
[EventDate "2016.08.27"]
[EventType "swiss"]
[EventRounds "9"]
[EventCountry "CZE"]
[SourceTitle "CBM 174 Extra"]
[Source "ChessBase"]
[SourceDate "2016.10.10"]
[SourceVersion "1"]
[SourceVersionDate "2016.10.10"]
[SourceQuality "1"]

1. d4 Nf6 2. e3 g6 3. b3 Bg7 4. Bb2 0-0 5. Nd2 d6 6. c4 Nbd7 7. Qc2 b6 8. Be2 c5 9. Bf3 Rb8 10. h4 Bb7 11. Bxb7 Rxb7 12. g4 Nxg4 13. Qe4 Nxf2 14. Kxf2 cxd4 15. exd4 Rc7 16. Ngf3 f5 17. Qe6+ 1-0

[Event "Ricany op"]
[Site "Ricany"]
[Date "2016.08.28"]
[Round "2"]
[White "Havelka, Petr"]
[Black "Skrabanek, Matej"]
[Result "1-0"]
[WhiteElo "1827"]
[BlackElo "1680"]
[PlyCount "85"]
[EventDate "2016.08.27"]
[EventType "swiss"]
[EventRounds "9"]
[EventCountry "CZE"]
[SourceTitle "CBM 174 Extra"]
[Source "ChessBase"]
[SourceDate "2016.10.10"]
[SourceVersion "1"]
[SourceVersionDate "2016.10.10"]
[SourceQuality "1"]

1. d4 Nf6 2. c4 e5 3. dxe5 Ng4 4. Nf3 Nc6 5. e3 Bc5 6. Be2 0-0 7. 0-0 Ngxe5 8. Nbd2 f5 9. Nxe5 Nxe5 10. Nf3 Nxf3+ 11. Bxf3 Kh8 12. b3 Qf6 13. Rb1 a5 14. Bb2 Qh4 15. g3 Qg5 16. Bg2 Ra6 17. Qd5 Be7 18. Be5 Rh6 19. Bf4 Qh5 20. Bxh6 Qxh6 21. Qxa5 c5 22. Rbd1 g5 23. Qc3+ Bf6 24. Qd3 Be5 25. Qd5 d6 26. f4 gxf4 27. exf4 Bd4+ 28. Rxd4 cxd4 29. Qxd4+ Qf6 30. Qxf6+ Rxf6 31. Re1 Kg7 32. Re7+ Rf7 33. Rxf7+ Kxf7 34. Kf2 Ke7 35. Ke3 Kd7 36. Kd4 b6 37. b4 Kc7 38. Bf3 Be6 39. a3 Bf7 40. Bd5 Bh5 41. Be6 Bg4 42. a4 Kc6 43. a5 1-0

[Event "Ricany op"]
[Site "Ricany"]
[Date "2016.08.28"]
[Round "3"]
[White "Skrabanek, Matej"]
[Black "Kucera, Josef"]
[Result "1-0"]
[WhiteElo "1680"]
[BlackElo "1716"]
[PlyCount "45"]
[EventDate "2016.08.27"]
[EventType "swiss"]
[EventRounds "9"]
[EventCountry "CZE"]
[SourceTitle "CBM 174 Extra"]
[Source "ChessBase"]
[SourceDate "2016.10.10"]
[SourceVersion "1"]
[SourceVersionDate "2016.10.10"]
[SourceQuality "1"]

1. e4 g6 2. d4 Bg7 3. Nc3 d6 4. f4 Nf6 5. Nf3 0-0 6. Be2 c5 7. d5 a6 8. a4 Qa5 9. 0-0 b5 10. e5 Ne8 11. Bd2 b4 12. Ne4 Qc7 13. Nfg5 dxe5 14. f5 Bxf5 15. Rxf5 gxf5 16. Bb5 axb5 17. Qh5 h6 18. Rf1 Qb6 19. d6 exd6 20. Rxf5 d5 21. Rxf7 dxe4 22. Rxf8+ Bxf8 23. Qf7+ 1-0

[Event "Mlada Boleslav Region-ch"]
[Site "Mlada Boleslav"]
[Date "2015.06.21"]
[Round "6"]
[White "Skrabanek, Matej"]
[Black "Novotny, Martin"]
[Result "1-0"]
[WhiteElo "1567"]
[BlackElo "1501"]
[PlyCount "63"]
[EventDate "2015.06.20"]
[EventType "swiss"]
[EventRounds "7"]
[EventCountry "CZE"]
[SourceTitle "EXT 2017"]
[Source "ChessBase"]
[SourceDate "2016.10.25"]
[SourceVersion "1"]
[SourceVersionDate "2016.10.25"]
[SourceQuality "1"]

1. e4 d6 2. d4 Nf6 3. Nc3 g6 4. Be3 Bg7 5. Qd2 c6 6. f3 0-0 7. g4 b5 8. h4 h5 9. gxh5 Nxh5 10. Nge2 Nd7 11. 0-0-0 a5 12. Rg1 b4 13. Na4 Ba6 14. Bh6 Bxe2 15. Bxe2 Ndf6 16. Bxg7 Kxg7 17. Qg5 Rh8 18. e5 Nd5 19. f4 Ndxf4 20. Bxh5 Nxh5 21. Rdf1 e6 22. Qg2 dxe5 23. dxe5 Qc7 24. Qg5 Raf8 25. Nc5 Re8 26. Ne4 Qd7 27. Nf6 Nxf6 28. Rxf6 Rh6 29. Rxf7+ Kxf7 30. Qxh6 Rg8 31. Qh7+ Rg7 32. Rf1+ 1-0

[Event "CZE-ch U10"]
[Site "Kouty nad Desnou"]
[Date "2013.03.16"]
[Round "9"]
[White "Skrabanek, Matej"]
[Black "Kopec, Ladislav"]
[Result "1-0"]
[WhiteElo "1253"]
[BlackElo "1250"]
[PlyCount "55"]
[EventDate "2013.03.09"]
[EventType "swiss"]
[EventRounds "9"]
[EventCountry "CZE"]
[SourceTitle "EXT 2015"]
[Source "ChessBase"]
[SourceDate "2014.11.20"]
[SourceVersion "1"]
[SourceVersionDate "2014.11.20"]
[SourceQuality "1"]

1. e4 c5 2. Nf3 d6 3. Nc3 Nf6 4. d4 cxd4 5. Nxd4 a6 6. Be2 e6 7. f4 Be7 8. 0-0 Qc7 9. Be3 Nc6 10. Bf3 0-0 11. g4 h6 12. h4 Nh7 13. g5 hxg5 14. hxg5 Re8 15. Kf2 f6 16. Bh5 Rd8 17. Nxe6 Bxe6 18. f5 Bc4 19. Bg6 Nxg5 20. Bxg5 fxg5 21. Qh5 Qb6+ 22. Kg2 Bxf1+ 23. Rxf1 Bf6 24. Qh7+ Kf8 25. Qh8+ Ke7 26. Nd5+ Kd7 27. Nxb6+ Kc7 28. Nxa8+ 1-0

[Event "CZE-ch U10"]
[Site "Kouty nad Desnou"]
[Date "2013.03.13"]
[Round "6"]
[White "Ocko, Dominik"]
[Black "Skrabanek, Matej"]
[Result "1-0"]
[WhiteElo "1408"]
[BlackElo "1253"]
[PlyCount "69"]
[EventDate "2013.03.09"]
[EventType "swiss"]
[EventRounds "9"]
[EventCountry "CZE"]
[SourceTitle "EXT 2015"]
[Source "ChessBase"]
[SourceDate "2014.11.20"]
[SourceVersion "1"]
[SourceVersionDate "2014.11.20"]
[SourceQuality "1"]

1. e4 e6 2. d4 d5 3. e5 c5 4. c3 Nc6 5. Nf3 Qb6 6. a3 Bd7 7. b4 cxb4 8. axb4 Nh6 9. Bxh6 gxh6 10. Nbd2 Ne7 11. Nb3 Ng6 12. Qd2 Be7 13. Bd3 Rc8 14. 0-0 Qc6 15. Rfc1 a6 16. Qxh6 Bf8 17. Qd2 h5 18. Qd1 Bh6 19. Rc2 Nf4 20. Nc5 Nxd3 21. Qxd3 Ra8 22. Rca2 Ra7 23. Nxd7 Kxd7 24. b5 Qb6 25. bxa6 Rha8 26. h3 Rxa6 27. Rxa6 Rxa6 28. Rxa6 Qxa6 29. Qh7 Qa1+ 30. Kh2 Bf4+ 31. g3 Qb2 32. Qxf7+ Kd8 33. Qxf4 Qxf2+ 34. Kh1 Qf1+ 35. Ng1 1-0

[Event "CZE-ch U10"]
[Site "Kouty nad Desnou"]
[Date "2013.03.10"]
[Round "2"]
[White "Vorisek, Jakub"]
[Black "Skrabanek, Matej"]
[Result "1-0"]
[WhiteElo "1618"]
[BlackElo "1253"]
[PlyCount "75"]
[EventDate "2013.03.09"]
[EventType "swiss"]
[EventRounds "9"]
[EventCountry "CZE"]
[SourceTitle "EXT 2015"]
[Source "ChessBase"]
[SourceDate "2014.11.20"]
[SourceVersion "1"]
[SourceVersionDate "2014.11.20"]
[SourceQuality "1"]

1. e4 e6 2. d4 d5 3. Nd2 c5 4. exd5 exd5 5. Ngf3 Nc6 6. Bb5 Bg4 7. Bxc6+ bxc6 8. 0-0 Nf6 9. Re1+ Be7 10. Qe2 Bxf3 11. Nxf3 Ne4 12. Nd2 0-0 13. Nxe4 dxe4 14. Qxe4 Bf6 15. dxc5 Re8 16. Qxe8+ Qxe8 17. Rxe8+ Rxe8 18. Kf1 h6 19. c3 Kh7 20. Be3 Kg6 21. Ke2 Bg5 22. Rd1 f5 23. Kf3 Rb8 24. Bxg5 hxg5 25. b4 Re8 26. Rd6+ Kh5 27. g3 g4+ 28. Kg2 Re1 29. Rxc6 g5 30. h3 f4 31. hxg4+ Kxg4 32. f3+ Kf5 33. g4+ Ke5 34. Kf2 Re3 35. Ra6 Rxc3 36. Rxa7 Rc4 37. a3 Kd4 38. Rd7+ 1-0